Lo que escribió Manuel José Othon : bibliografía esencial /

La finalidad de este trabajo es reconocer qué fue lo que escribió Manuel José Othon y dónde, por varios de sus poemas fueron publicados de manera aislada en revistas y periódicos.

Gardado en:
Detalles Bibliográficos
Autor Principal: Montejano y Aguiñaga, Rafael (autor)
Formato: Libro
Idioma:Lingua castelá
Publicado: San Luis Potosí, México : Universidad Autónoma de San Luis Potosí, 1959
Temas:
Etiquetas: Engadir etiqueta
Sen Etiquetas, Sexa o primeiro en etiquetar este rexistro!

MARC

LEADER 00000nam^a2200000^a^4500
001 000111737
005 20251105111439.0
009 20260310093844.44
037 |a Acervo ITESO - Biblioteca 
041 |a ESP 
082 |a 860. 97205  |b MON 
100 |a Montejano y Aguiñaga, Rafael  |e (autor) 
240 1 1 |a [Lo que escribió Manuel José Othon] 
245 1 0 |a Lo que escribió Manuel José Othon :  |b bibliografía esencial /  |c R. Montejano y Aguiñaga. 
264 1 |a San Luis Potosí, México :  |b Universidad Autónoma de San Luis Potosí,  |c 1959 
300 |a 46 p. 
336 |a texto  |b txt  |2 rdacontenido 
337 |a sin mediación  |b n  |2 rdamedio 
338 |a volumen  |b nc  |2 rdasoporte 
520 |a La finalidad de este trabajo es reconocer qué fue lo que escribió Manuel José Othon y dónde, por varios de sus poemas fueron publicados de manera aislada en revistas y periódicos. 
649 |a XX 
650 |a Escritores Mexicanos -  |x Bibliografías 
650 |a Literatura Mexicana -  |x Bibliografías 
650 |a Bibliografías 
650 |a Othón, Manuel José -  |x Tema Principal 
910 |a Fondo Salvador Reynoso Reynoso 
920 |a Impresos - Libros 
930 |a Fondos Especiales 
940 |a Literatura 
905 |a 112 
901 |a 0800000957  |b IT2  |c ESP  |u 20250521 
902 |a https://opac.biblio.iteso.mx/vufind/Record/000111737